Born in Cork - Statistics

General Stats
  • This quiz has been taken 58 times
    28 since last reset
  • The average score is 4 of 8
Answer Stats
Hint Answer % Correct
Actor, "Peaky Blinders" "Oppenheimer" "Inception" "The Dark Knight" trilogy 1976 Cillian Murphy
93%
Former footballer who played for ManU, Nottingham and the Irish national team 1971 Roy Keane
89%
Prime Minister of Ireland since 2020 1960 Micheál Martin
74%
Goalkeeper for Liverpool and the Irish national team 1998 Caoimhín Kelleher
56%
Actress, known for her role as Petunia Dursley in the "Harry Potter" films 1958 Fiona Shaw
44%
Actor, known for his role as Joffrey Baratheon in "Game of Thrones" 1992 Jack Gleeson
30%
Footballer who plays for North Carolina Courage and the Irish national team 1994 Denise O'Sullivan
26%
Director and animator, "The Breadwinner" "The Secret of Kells" 1971 Nora Twomey
11%
No matching quizzes found
Score Distribution
Percent of People with Each Score
Percentile by Number Answered
Your Score History
You have not taken this quiz since the last reset